Zambia in maps (Record no. 83395)

MARC details
000 -LEADER
fixed length control field 01350nam a2200241 a 4500
008 - FIXED-LENGTH DATA ELEMENTS--GENERAL INFORMATION
fixed length control field 120416s1971 ||||||||||||||||| || u
020 ## - INTERNATIONAL STANDARD BOOK NUMBER
International Standard Book Number 0340118806
050 ## - LIBRARY OF CONGRESS CALL NUMBER
Classification number G 8570 Zam
100 ## - MAIN ENTRY--PERSONAL NAME
Personal name Davies, Hywell D
245 10 - TITLE STATEMENT
Title Zambia in maps
Statement of responsibility, etc. edited by Hywell D. Davies
260 ## - PUBLICATION, DISTRIBUTION, ETC.
Place of publication, distribution, etc. London
Name of publisher, distributor, etc. Hodder and Stoughton
Date of publication, distribution, etc. 1971
300 ## - PHYSICAL DESCRIPTION
Extent 128p. : ill.
350 ## -
-- 0.00
500 ## - GENERAL NOTE
General note Bibliography
650 ## - SUBJECT ADDED ENTRY--TOPICAL TERM
Topical term or geographic name entry element ZAMBIA
650 ## - SUBJECT ADDED ENTRY--TOPICAL TERM
Topical term or geographic name entry element ZAMBIA--MAPS
995 ## -
-- BINDERY (DAMAGED)
-- 0.00
-- 704640
-- CBU-MAIN LIBRARY (Kitwe)
-- 6
-- 2.50
-- G 8570 Zam
-- 3
-- DAMAGED
-- 001237
-- Main Library Open Access Collection
995 ## -
-- BINDERY (DAMAGED)
-- 0.00
-- 704642
-- CBU-MAIN LIBRARY (Kitwe)
-- 1
-- 2.50
-- G 8570 Zam
-- 4
-- DAMAGED
-- 001453
-- Main Library Open Access Collection
995 ## -
-- SPECIAL COLLECTIONS
-- 0.00
-- 001231
-- CBU-MAIN LIBRARY (Kitwe)
-- 3
-- 2.50
-- ZAM G 8570 Zam
-- 1
-- DAMAGED
-- 001231
-- Zambiana Collection
995 ## -
-- BINDERY (DAMAGED)
-- 0.00
-- 704641
-- CBU-MAIN LIBRARY (Kitwe)
-- 4
-- 2.50
-- G 8570 Zam
-- 2
-- DAMAGED
-- 001236
-- Main Library Open Access Collection
995 ## -
-- BINDERY (DAMAGED)
-- 0.00
-- 704639
-- CBU-MAIN LIBRARY (Kitwe)
-- 5
-- 2.50
-- G 8570 Zam
-- 6
-- DAMAGED
-- 704639
-- Main Library Open Access Collection
995 ## -
-- TEXTBOOKS (MIN.ENG.)
-- 0.00
-- 03120
-- CBU-SCHOOL TEXTBOOK COLLECTIONS
-- 1
-- 0.00
-- SCHOOL TEXTBOOK
-- 6
-- AVAILABLE
-- Aug 7, 2009
-- 03120
-- School Collections
999 ## -
-- 83395
-- 83395
Holdings
Withdrawn status Lost status Source of classification or shelving scheme Damaged status Not for loan Permanent Location Current Location Shelving location Date acquired Total Checkouts Full call number Barcode Date last seen Copy number Price effective from Koha item type
          CBU-MAIN LIBRARY, KITWE. CBU-MAIN LIBRARY, KITWE.   10/30/2023   G 8570 Zam 001237 10/30/2023 1 10/30/2023 MONOGRAPH
          CBU-MAIN LIBRARY, KITWE. CBU-MAIN LIBRARY, KITWE.   10/30/2023   G 8570 Zam 001453 10/30/2023 2 10/30/2023 MONOGRAPH
          CBU-MAIN LIBRARY, KITWE. CBU-MAIN LIBRARY, KITWE.   10/30/2023   G 8570 Zam 001231 10/30/2023 3 10/30/2023 SPECIAL COLLECTION
          CBU-MAIN LIBRARY, KITWE. CBU-MAIN LIBRARY, KITWE.   10/30/2023   G 8570 Zam 001236 10/30/2023 4 10/30/2023 MONOGRAPH
          CBU-MAIN LIBRARY, KITWE. CBU-MAIN LIBRARY, KITWE.   10/30/2023   G 8570 Zam 704639 10/30/2023 5 10/30/2023 MONOGRAPH
          CBU-SCHOOL TEXT BOOK COLLECTION CBU-SCHOOL TEXT BOOK COLLECTION   10/30/2023   SCHOOL TEXTBOOK 03120 10/30/2023 6 10/30/2023 MONOGRAPH